| 000 | 00485nam a2200157Ia 4500 | ||
|---|---|---|---|
| 999 |
_c17017 _d17017 |
||
| 003 | OSt | ||
| 005 | 20200606120035.0 | ||
| 008 | 190216s9999||||xx |||||||||||||| ||und|| | ||
| 040 | _cMESKC library | ||
| 082 |
_a891.432 _bRAY/A |
||
| 100 |
_aRay, Laxmi _9272 |
||
| 245 | 0 |
_aAdhunik Hindi Natak Charitri Shrishte Ke Ayam / _cLaxmi Ray |
|
| 260 |
_bThakshashila Prakashan, _aNew Delhi: _c1979. |
||
| 300 | _a508p | ||
| 942 |
_cBK _2ddc _h891.432 _iRAY/A _k891.432 _mRAY/A |
||